000
00346nam a2200157Ia 4500
100
_a
Shah/Sharanam
650
_a
Java
942
_c
BK
366
_f
20
245
_a
Java EE Project using EJB3 JPA and struts 2 for begineers
260
_b
SPD
_c
2009
082
_a
5.133
_b
SHA
300
_a
1129
546
_a
ENGLISH
_c
Computers
999
_c
24936
_d
24936